Online
Catalog
Normal view MARC view

Entry Nombre geográfico

Number of records used in: 10

001 - NÚMERO DE CONTROL

  • campo de control: 7718

003 - IDENTIFICADOR DEL NÚMERO DE CONTROL

  • campo de control: OSt

005 - FECHA Y HORA DE LA ÚLTIMA TRANSACCIÓN

  • campo de control: 20200615032204.0

008 - DATOS DE LONGITUD FIJA

  • campo de control de longitud fija: 200615|| aca||aabn | a|a d

040 ## - FUENTE DE LA CATALOGACIÓN

  • Centro catalogador/agencia de origen: OSt
  • Centro/agencia transcriptor: OSt

151 ## - ENCABEZAMIENTO--NOMBRE GEOGRÁFICO

  • Nombre geográfico: SANTO DOMINGO (REPÚBLICA DOMINICANA)
  • Subdivisión general: DESCRIPCIONES Y VIAJES

670 ## - FUENTE DE DATOS ENCONTRADOS

  • Cita de la fuente: Work cat.: (OSt)2276: Balaguer, Joaquín, 1906-2002 1287, Guía emocional de la ciudad romantica /, 1992.

Powered by Koha